| 000 | 01179nam a22003137a 4500 | ||
|---|---|---|---|
| 003 | EG-ScBUE | ||
| 005 | 20250202102204.0 | ||
| 008 | 210923s2021 ua f 000 f ara d | ||
| 017 | _a2021/15116 | ||
| 020 | _a9789777953306 | ||
| 040 |
_aEG-ScBUE _bara _erda _cEG-ScBUE _dEG-ScBUE |
||
| 082 | 0 | 4 |
_a892.746 _bم ج ي _222 |
| 100 | 1 |
_aعبد المجيد، نور، _eمؤلف. |
|
| 245 | 1 | 0 |
_aأنين الدمى : _bرواية / _cنور عبد المجيد. |
| 250 | _aالطبعة الثانية. | ||
| 264 | 1 |
_aالقاهرة : _bدار المصرية اللبنانية، _c2021. |
|
| 300 |
_a407 صفحة ؛ _c21 سم |
||
| 336 |
_2rdacontent _aنص _btxt |
||
| 337 |
_2rdamedia _aبدون وسيط _bn |
||
| 338 |
_2rdacarrier _aمجلد _bnc |
||
| 500 | _aنشر في الأصل على هيئة مسلسل صوتي تابع لسلسلة Storytel original. | ||
| 541 | _aBook Fair 2025. | ||
| 650 | 7 |
_aالقصص العربية _yقرن 21. _2BUEsh |
|
| 650 | 7 |
_aالقصص البوليسية _yقرن 21. _2BUEsh |
|
| 650 | 7 |
_aالأدب العربي _yقرن 21. _2BUEsh |
|
| 653 |
_aBUEsh _bARALIT _cFebruary2025 |
||
| 655 | 7 |
_2BUEsh _vReading book |
|
| 942 | _2ddc | ||
| 999 |
_c30845 _d30816 |
||